000 00692nam a2200289Ia 4500
005 20260324113217.0
008 008 260324s9999 xx 000 0 eng d
020 _a9781003482437
037 _aEBOOK
040 _aCRL
040 _beng
040 _cCRL
041 _2eng
041 _aeng
084 _qCRL
100 _aV Geetha; Uma Chakravarti
_91145863
245 0 _aDalit Counter-publics and the Classroom
245 2 _bA Sharmila Rege Reader
260 _bTaylor and Francis
260 _c2024
365 _a
365 _b230
856 _uhttp://www.taylorfrancis.com/books/9781003482437
942 _cEBOOK
999 _c1735396
_d1735396